| 000 | 00957nam a2200289 i 4500 | ||
|---|---|---|---|
| 003 | DO-SdBNP | ||
| 005 | 20260602133211.0 | ||
| 007 | ta | ||
| 008 | 260602b2021 dr a|||| |||| 00| 0 spa d | ||
| 020 | _a9789945927139 | ||
| 040 |
_aDO-SdBNP _bspa _cBNPHU _erda |
||
| 041 | _aspa | ||
| 082 | 4 |
_axxx _bR175s _222 |
|
| 100 | 1 |
_aRamos, Frank, _d1988- _eautor _4aut. _989841 |
|
| 245 | 1 | 0 |
_aSiguiente nivel / _cFrank Andrés Ramos Rodríguez. |
| 250 | _aPrimera edición | ||
| 264 | 4 |
_aSanto Domingo, República Dominicana : _bEditora Poetas De La Era, _c©2021 |
|
| 300 |
_a223 páginas : _bilustraciones, gráficos, retratos ; _c21 cm. |
||
| 336 |
_atexto _btxt _2rdacontent |
||
| 337 |
_asin mediación _bn _2rdamedia |
||
| 338 |
_avolumen _bnc _2rdacarrier |
||
| 500 | _aIncluye datos biográficos del autor en la solapa de la cubierta | ||
| 504 | _aBibliografía: página 223 | ||
| 590 | _aInventariado, 2026 /LP | ||
| 910 | _aLP | ||
| 942 |
_2ddc _cLBS1 |
||
| 999 |
_c60852 _d60852 |
||